000 00708nam a22002417a 4500
999 _c4045
_d4045
003 AR-CdUCM
008 190307b ||||| |||| 00| 0 spa d
020 _a950-614-049-9
040 _aMUNICIPALIDAD PROVINCIAL DEL CUSCO
_cBIBLIOTECA MUNICIPAL DEL CUSCO
082 _a891.74 /
_bSH47
100 _aSholojov, Mijail
_98367
245 _aLucharon por la Patria /
260 _aArgentina :
_bEdiciones Orbis,
_bHyspamerica,
_c1983.
300 _a222 paginas ;
_c20cm.
440 _aPremio Nobel
_n17
_912880
500 _aPremio Nobel 1965
650 _aNovelas
_9218
650 _aLiteratura
_983
650 _aSiglo XX
_98
700 _aEscodín, Gerardo
_912881
942 _2ddc
_cLIBROS
945 _apjha